[Event "IECG CB.2002.0.00044 email"]
[Site "IECG email"]
[Date "2002.06.04"]
[Round "?"]
[White "Rossi, Giovanni"]
[Black "Lopez, Horacio Jose"]
[Result "0-1"]
[WhiteElo "1960"]
[BlackElo "1800"]
[PlyCount "84"]
[EventDate "2002.06.04"]
[EventType "tourn (corr)"]
[EventRounds "6"]
[SourceTitle "Corr 2008"]
[Source "ChessBase"]
[SourceDate "2008.06.24"]
[SourceVersion "1"]
[SourceVersionDate "2008.06.24"]
[SourceQuality "1"]

1. e4 c5 2. Nf3 Nc6 3. d4 cxd4 4. Nxd4 Nf6 5. Nc3 d6 6. Be2 e5 7. Nf3 h6 8. Bc4 Be7 9. Be3 0-0 10. a3 Be6 11. Bd5 Rc8 12. 0-0 Bxd5 13. exd5 Na5 14. Nd2 a6 15. Qe2 Ne8 16. Nd1 f5 17. b4 f4 18. bxa5 fxe3 19. Nxe3 Qxa5 20. Qg4 Rc7 21. Ne4 Kh7 22. Qh3 g6 23. Kh1 b5 24. f3 Ng7 25. c3 Nh5 26. Ng4 Rc4 27. Rfb1 Ra4 28. Nxh6 Qc7 29. Nf5 gxf5 30. Qxh5+ Kg7 31. Ng5 Bxg5 32. Qxg5+ Kh8 33. Rb4 e4 34. Rxa4 bxa4 35. Qh6+ Kg8 36. Rd1 Qe7 37. c4 e3 38. Qg6+ Kh8 39. Re1 f4 40. g3 Rf6 41. Qg5 Qg7 42. Qh4+ Qh6 0-1